| 000 | 00626nam a22001577a 4500 | ||
|---|---|---|---|
| 020 | _qHard Cover. | ||
| 082 | _a200 | ||
| 100 | _aFatima, Saira | ||
| 245 |
_aSynthesis and Characterization of Functionalized Graphene Oxide with 4,4-Stibenedicarboxylic Acid to Investigate the Effects on Band Gap for its Application in Dye Sensitized Solar Cell / _cSaira Fatima. |
||
| 260 |
_aIslamabad: _bSCME - NUST, _c2011. |
||
| 300 |
_a75 p. : _bill. ; _c30cm. |
||
| 650 |
_aMS-Material Engineering _9129457 |
||
| 700 |
_aSupervisor: Dr. Amir Habib _9129446 |
||
| 942 |
_2ddc _cTHE |
||
| 999 |
_c534468 _d534468 |
||